Milestones and the Great Adventure/ (Record no. 23403)
[ view plain ]
| 000 -LEADER | |
|---|---|
| fixed length control field | 00724cam a22002292 4500 |
| 001 - CONTROL NUMBER | |
| control field | 7848607 |
| 003 - CONTROL NUMBER IDENTIFIER | |
| control field | BDDh-ASL |
| 005 - DATE AND TIME OF LATEST TRANSACTION | |
| control field | 20231015030232.0 |
| 008 - FIXED-LENGTH DATA ELEMENTS--GENERAL INFORMATION | |
| fixed length control field | 821208m19131912enk 000 0 eng |
| 010 ## - LIBRARY OF CONGRESS CONTROL NUMBER | |
| LC control number | 40037051 |
| 040 ## - CATALOGING SOURCE | |
| Original cataloging agency | DLC |
| Transcribing agency | CarP |
| Modifying agency | DLC |
| -- | BDDh-ASL |
| 050 00 - LIBRARY OF CONGRESS CALL NUMBER | |
| Classification number | PR6003.E6 |
| Item number | M5 1912a |
| 082 ## - DEWEY DECIMAL CLASSIFICATION NUMBER | |
| Classification number | 910 |
| Item number | BEM |
| 100 1# - MAIN ENTRY--PERSONAL NAME | |
| Personal name | Bennett, Arnold, |
| Dates associated with a name | 1867-1931. |
| 245 10 - TITLE STATEMENT | |
| Title | Milestones and the Great Adventure/ |
| Statement of responsibility, etc. | by Arnold Bennett and Edward Knoblauch. |
| 250 ## - EDITION STATEMENT | |
| Edition statement | 6th ed. |
| 260 ## - PUBLICATION, DISTRIBUTION, ETC. | |
| Place of publication, distribution, etc. | London: |
| Name of publisher, distributor, etc. | Methuen & co., ltd., |
| Date of publication, distribution, etc. | 1912. |
| -- | 1913. |
| -- | 1929. |
| -- | 1935. |
| 300 ## - PHYSICAL DESCRIPTION | |
| Extent | 186 p. |
| Dimensions | 19 cm. |
| 700 1# - ADDED ENTRY--PERSONAL NAME | |
| Personal name | Knoblock, Edward, |
| Dates associated with a name | 1874-1945, |
| Relator term | joint author. |
| 906 ## - LOCAL DATA ELEMENT F, LDF (RLIN) | |
| a | 0 |
| b | cbc |
| c | premver |
| d | u |
| e | ncip |
| f | 19 |
| g | y-gencatlg |
| 942 ## - ADDED ENTRY ELEMENTS (KOHA) | |
| Source of classification or shelving scheme | Dewey Decimal Classification |
| Koha item type | Books |
| Withdrawn status | Lost status | Source of classification or shelving scheme | Damaged status | Not for loan | Collection code | Home library | Current library | Shelving location | Date acquired | Source of acquisition | Total Checkouts | Full call number | Barcode | Date last seen | Copy number | Price effective from | Koha item type | Public note |
|---|---|---|---|---|---|---|---|---|---|---|---|---|---|---|---|---|---|---|
| Dewey Decimal Classification | Non-fiction | Asiatic Society Library | Asiatic Society Library | General Stacks | 03/25/2021 | ASB Library Collections | 910 BEM | 107824 | 03/25/2021 | C-1 | 03/25/2021 | Books | RARE |